| 000 | 00593nam a22002177a 4500 | ||
|---|---|---|---|
| 999 |
_c9521 _d9521 |
||
| 001 | 9521 | ||
| 003 | OSt | ||
| 005 | 20180528142343.0 | ||
| 008 | 180318b1967 bg ||||| |||| 00| 0 ben d | ||
| 035 | _a(BD-JhCC)9521 | ||
| 040 |
_aBD-JhCC _dBD-JhCC |
||
| 041 | _aben | ||
| 082 |
_a320 _bHAF 1967 |
||
| 100 | _aহফার, এরিক | ||
| 245 |
_aঅগ্নিপরীক্ষা / _cএরিক হফার |
||
| 260 |
_aঢাকা : _bব্রাইট বুক হাউস _c1967. |
||
| 300 |
_a196 p. : _c22 cm. |
||
| 650 | _aBiography | ||
| 942 |
_2ddc _cBK |
||